| 000 | 01045nam a2200301 a 4500 | ||
|---|---|---|---|
| 003 | DO-SdBNP | ||
| 005 | 20240226142544.0 | ||
| 007 | ta | ||
| 008 | 090714s1983 dr 001 0 spa d | ||
| 020 | _a | ||
| 040 |
_aDO-SdBNP _bspa _cBNPHU |
||
| 082 | 4 |
_a355.3097293 _bS718t _222 |
|
| 100 | 1 |
_aSoto Jiménez, José Miguel, _d1956- _911668 |
|
| 245 | 1 | 0 |
_aTemas sobre la profesionalización militar en la República Dominicana / _cJosé Miguel Soto Jiménez _b |
| 250 | _a2a. ed. | ||
| 260 |
_aSanto Domingo : _bCorripio, _c1983. |
||
| 300 |
_a148 p. ; _c23 cm. |
||
| 500 | _aIncluye referencias bibliográficas y notas al pie de las páginas | ||
| 500 | _aIncluye datos biográficos del autor en las solapas | ||
| 504 | _a | ||
| 504 | _a | ||
| 590 | _aInventariado, 2020/VM | ||
| 650 | 4 |
_aSeguridad nacional _xAspectos éticos y morales. _977496 |
|
| 650 | 4 |
_aEducación militar _zRepública Dominicana _977497 |
|
| 651 | 4 |
_aRepública Dominicana _xFuerzas armadas _xHistoria _910930 |
|
| 910 | _a VMateo | ||
| 942 |
_2ddc _cLBS1 |
||
| 999 |
_c49228 _d49228 |
||